| 000 | 02107nam a22003494a 4500 | ||
|---|---|---|---|
| 001 | ebr10193765 | ||
| 003 | CaPaEBR | ||
| 006 | m u | ||
| 007 | cr cn||||||||| | ||
| 008 | 060802s2007 enkaf sb 001 0 eng | ||
| 010 | _z 2006025114 | ||
| 020 | _z1845931297 (alk. paper) | ||
| 020 | _z9781845931292 (alk. paper) | ||
| 040 |
_aCaPaEBR _cCaPaEBR |
||
| 035 | _a(OCoLC)567837010 | ||
| 050 | 1 | 4 |
_aSB608.C6 _bW35 2007eb |
| 082 | 0 | 4 |
_a633.7/39 _222 |
| 100 | 1 | _aWaller, J. M. | |
| 245 | 1 | 0 |
_aCoffee pests, diseases and their management _h[electronic resource] / _cby J.M. Waller, M. Bigger and R.J. Hillocks. |
| 246 | 1 | 4 | _aCoffee pests, diseases & their management |
| 260 |
_aWallingford, UK ; _aCambridge, MA : _bCABI Pub., _c2007. |
||
| 300 |
_aviii, 434 p., [8] p. of plates : _bill. (some col.). |
||
| 504 | _aIncludes bibliographical references and index. | ||
| 505 | 0 | _aCoffee as a crop and commodity -- The basics of the coffee crop -- World coffee production -- Insect pests and their management -- Stem- and branch-borers -- Berry-feeding insects -- Insects that feed on buds, leaves, green shoots and flowers -- Root- and collar-feeding insects -- Diseases and their management -- Foliage and shoot diseases -- Berry diseases -- Wilt diseases and diseases of the root and stem -- Nematodes -- Nutrient deficiencies and physiological diseases -- Integrated crop management -- Nursery management, transplantation and crop maintenance -- Shade management, conservation and biodiversity -- Postharvest and processing pests and microbial problems -- Integrated pest management and pest management technologies. | |
| 533 |
_aElectronic reproduction. _bPalo Alto, Calif. : _cebrary, _d2013. _nAvailable via World Wide Web. _nAccess may be limited to ebrary affiliated libraries. |
||
| 650 | 0 |
_aCoffee _xDiseases and pests. |
|
| 655 | 7 |
_aElectronic books. _2local |
|
| 700 | 1 | _aBigger, M. | |
| 700 | 1 | _aHillocks, R. J. | |
| 710 | 2 | _aebrary, Inc. | |
| 856 | 4 | 0 |
_uhttp://site.ebrary.com/lib/rucke/Doc?id=10193765 _zAn electronic book accessible through the World Wide Web; click to view |
| 999 |
_c115005 _d115005 |
||